[Event "RUS-chT 12th"]
[Site "Sochi"]
[Date "2005.04.21"]
[Round "3"]
[White "Smirnov, Pavel"]
[Black "Sakaev, Konstantin"]
[Result "1-0"]
[WhiteElo "2624"]
[BlackElo "2672"]
[Annotator "Lukacs,P"]
[PlyCount "131"]
[EventDate "2005.04.19"]
[EventType "team-tourn"]
[EventRounds "11"]
[EventCountry "RUS"]
[SourceTitle "EXT 2020"]
[Source "ChessBase"]
[SourceDate "2019.10.17"]
[SourceVersion "1"]
[SourceVersionDate "2019.10.17"]
[SourceQuality "1"]
[WhiteTeam "Tomsk 400"]
[BlackTeam "Sverdlovsk Ural region"]
[WhiteTeamCountry "RUS"]
[BlackTeamCountry "RUS"]

1. e4 {[%mdl 4]} c6 2. d4 d5 3. Nc3 dxe4 4. Nxe4 Bf5 5. Ng3 Bg6 6. h4 h6 7. Nf3
Nd7 8. h5 Bh7 9. Bd3 Bxd3 10. Qxd3 e6 11. Bf4 Ngf6 12. O-O-O Be7 13. Kb1 O-O
14. Ne4 Nxe4 15. Qxe4 Nf6 16. Qe2 Qd5 17. Ne5 Qe4 18. Qxe4 Nxe4 19. Rhe1 (19.
Rhf1 Bg5 {1/2:1/2 A.Sokolov-Dautov, Bled ol 2002}) (19. Be3 Rfd8 20. c4 (20. g4
Nf6 21. f4 Bd6 22. Rdg1 Bxe5 23. fxe5 Ne4 (23... Nd5 24. Bc1 $16) 24. c3 Rd7 {
( Moreno Carnero,J-Velicka,P/Gaia 2004)} 25. g5 $14) 20... Rac8 (20... Kf8 21.
g4 Nf6 22. f3 Nd7 23. f4 a6 24. Kc2 Nxe5 25. dxe5 $14 {Stefansson-S.Kasparov,
Tanta City 2001}) 21. g4 Nf6 22. f3 $14) 19... Nf6 (19... Nxf2 $2 20. Rd2 Bh4
21. Ree2 $1 $16 {and the N is trapped.}) 20. g4 Rfd8 {Black wants to hold the
d <-> first before attacking the [+] via c5.} (20... c5 {is the other main
alternative here.} 21. dxc5 Bxc5 22. Nd7 $5 (22. Be3 {White is certainly
slightly better because of the << P majority, the pressure on the d <-> and
the strong centralized N, but if Black defends himself carefully he can
consolidate his position.} Rfc8 (22... Bxe3 23. Rxe3 Rfd8 24. Red3 Rxd3 25.
Rxd3 Kf8 26. c4 Ke7 {neutralizing White's pressure on the d <->.}) 23. c4 {
White has a P majority on the << and the active pieces, but even so the _|_ is
rather drawish.} Kf8 24. Bxc5+ Rxc5 25. f4 Rc7 26. Rd4 Ke7 27. Red1 Re8 28. b3
{1/2:1/2 V.Gurevich-Khlian, Azov 1995}) (22. f3 Rfd8 {- 20....Rfd8}) 22... Nxd7
23. Rxd7 {penetrating on the 7-th rank deserves attention, for example.} Bxf2
24. Rf1 Bc5 25. Rxb7 $14) (20... Bd6 21. f3 a5 22. a4 (22. c4 a4 23. Rh1 Kh7
24. Bd2 Ng8 25. f4 {looked more consistant.} (25. b4 Ne7 {From now on White
has to reckon with b7-b5 all the time.} 26. Nd3 Rfd8 27. Rc1 Kg8 28. Rhd1 Kf8
29. Bf4 Bxf4 30. Nxf4 Rd6 31. Rd3 Rad8 32. Ne2 e5 33. Rcd1 b5 $1 34. c5 R6d7
35. Kc2 Nd5 {1/2-1/2 Navara-Mchedlishvili, Aghia Pelagia 2004})) 22... Rfc8 23.
Nd3 Bxf4 (23... Be7 24. c4 b5 $6 25. axb5 cxb5 26. cxb5 {Black has cleared the
way for his N to d5, but he has problems with gaining back the P.} Nd5 27. Be5
Ra7 28. Nc5 $1 (28. Nf4 Rd8 29. Nxd5 Rxd5 30. b3 Rb7 {1/2-1/2
Berescu-Arutinian, Olomouc 2004}) 28... a4 29. Rd3 Ra5 30. Rc1 $14) 24. Nxf4
Rd8 $11) 21. f3 (21. Be3 {White wants to prevent c5.} Nd5 (21... Kf8 22. f3 Nd5
23. Bd2 $14 {/\ c4 winning back the tempo.}) 22. Bc1 (22. Bd2 {/\ c4} a5 (22...
Bg5 23. c4 $14) 23. c4 Nf6 24. Be3 $14) (22. c4 Nxe3 23. fxe3 c5 $11) 22... c5
23. c4 Nf6 24. dxc5 (24. Be3 cxd4 25. Rxd4 Rxd4 26. Bxd4 $14 {and the B is
ideally posted.}) 24... Bxc5 25. f3 Bf2 26. Rf1 Bd4 27. Bf4 $14 {/\ Rd3, Rfd1
solving the problem of the d4 B, Dolmatov-Riazantsev, St Petersburg 2004 CBM
102.}) (21. c4 c5 $1 22. Be3 (22. dxc5 Bxc5 23. f3 {- 21.f3}) 22... Bd6 (22...
cxd4 23. Rxd4 Rxd4 24. Bxd4 {and the white B is finally on the right /^.}) 23.
f3 Rac8 24. b3 a6 ({There is no need to hurry with} 24... cxd4 $143 25. Bxd4
Bb4 26. Rf1 a6 27. Kb2) 25. Bf2 cxd4 26. Bxd4 Bb4 27. Rg1 (27. Rf1 Rxd4 (27...
b5 $5) 28. Rxd4 Bc3 29. Rfd1 {- 27.Rg1}) 27... Rxd4 $5 (27... b5) 28. Rxd4 Bc3
29. Rgd1 Bxd4 30. Rxd4 $14 {This is a typical _|_ of this whole 4...Bf5 Caro
Kann. White's pieces are better and he has the << P majority. However with a
precise play Black can still hold the _|_, Areshchenko-Grant, Istanbul 2003
CBM 96.}) (21. c3 {/\ Kc2} c5 22. dxc5 Bxc5 23. f3 Rxd1+ (23... Nd5 24. Bd2 Bd6
25. Nd3 Rac8 26. Re2 Kf8 27. Rh1 Rc4 28. Kc2 Rdc8 29. Re4 Nb4+ 30. Nxb4 Rxb4
31. Bf4 Rb6 32. Be3 Bc5 33. Bf4 Bd6 34. Bd2 {White certainly wants to avoid
the repetition of moves.} Rbc6 35. a4 $14 {Kalezic-Mateuta, Bucharest Blue
Autumn 2002}) 24. Rxd1 Nd5 25. Nd3 Be7 26. Bc1 Rd8 27. Kc2 f6 {/\ Kf7 bringing
the K into action.} 28. Nf4 Kf7 29. a3 b5 {blockading the light squares.} 30.
Nxd5 Rxd5 31. Rxd5 {1/2:1/2 Lutz-Dorfman, Bled ol 2002}) (21. Rd3 c5 22. Red1
cxd4 23. Rxd4 Rxd4 24. Rxd4 Rd8 25. Rxd8+ Bxd8 {Without rooks White's
advantage is only microscopical.} 26. c4 Bc7 {This is a theoretically drawish
_|_.} 27. f3 Nh7 28. b4 f6 {attacking soon >< f3} 29. Nd3 Bxf4 30. Nxf4 Ng5 $11
{Thorteins-Lobron, Reykjavik op 1984}) 21... Bd6 (21... Rac8 22. c3 c5 (22...
Kf8 23. Kc2 Nd5 24. Bc1 c5 {Soon or later Black has to play this freeing move.}
25. dxc5 Rxc5 26. f4 {The P structure is somewhat better for White.} b5 27. a3
Kg8 28. g5 hxg5 29. fxg5 $14 {Shirov-Kramnik, RUS-The World rapid 2002}) 23.
dxc5 Bxc5 (23... Nd5 24. Bc1) 24. Rxd8+ (24. Bc1 Bf2 25. Rf1 Bb6 26. Rxd8+ Rxd8
27. Kc2 {It is advisable for White to exchange one pair of rooks and keep the
other.} Kf8 28. Re1 Bc7 29. Nd3 Bb6 30. a4 $14 {Guseinov-Mchedlishvili, EU-chT
2003}) 24... Rxd8 25. c4 $14 {White's hopes are based on the advance of his <<
P majority, Topalov-Akopian, Wijk aan Zee 2004 CBM 99.}) (21... c5 22. dxc5
Bxc5 23. c4 {/\ Kc2} Bf2 (23... Kf8 24. Kc2 Ke7 25. Rd3 Rac8 26. Red1 Rxd3 27.
Nxd3 Bd4 28. Kb3 {b4 and then Kb3 would be the ideal setup for White.} Nd7 29.
Bd2 e5 $11 {and Black gets reasonable counterchances on the >>, Andreev-Bets,
Alushta Golden Autumn 2001.}) (23... Rac8 24. Rxd8+ Rxd8 25. Kc2 {at least
winning a tempo.} Kf8 26. a3 {/\ b4 and a quick advance of pawns on the << is
White's main threat. /\ b4 and the P majority on the << is more and more
dangerous.} Ke8 27. b4 Bd6 28. Rd1 Bc7 29. Rxd8+ Bxd8 30. Be3 a6 31. Bd4 $14 {
Kovalev-Kruppa, Berliner Summer 1993}) 24. Rxd8+ (24. Rf1 Bd4 25. Rd3 Bxe5 26.
Rxd8+ Rxd8 27. Bxe5 Nh7 28. Kc2 $5 (28. b3 f6 29. Bf4 f5 {creating weaknesses
in White's camp as well.} 30. Re1 fxg4 31. fxg4 Nf6 {and again Black has ample
play against the weakened pawns on the >>.} 32. Rxe6 Kf7 33. Re5 Nxg4 $11 {
Lutz-Khenkin, Bundesliga 2002}) 28... f6 29. Bc3) 24... Rxd8 25. Re2 {It is
advisable for White to keep one pair of rooks, the penetration on the d <->
can be avoided by ...Kc2.} Bb6 26. Kc2 Kf8 27. b4 a6 28. Bg3 Ke7 29. Bh4 Bc7
30. Nd3 $14 {Seres-Krivoborodov, Budapest 2004}) (21... Nd7 22. Nc4 (22. c4
Nxe5 23. dxe5 Rxd1+ {Black wants to exchange the rooks, White's space
advantage is not enough for a win in the _|_.} 24. Rxd1 Rd8 $11 {Jenni-Heinig,
Bad Worishofen op 2002}) 22... Nf8 23. Na5 Rd7 24. c3 Rc8 25. Kc2 Bd8 26. Nc4
Bc7 27. Bc1 f6 28. b3 b5 29. Nb2 Kf7 30. Nd3 $14 {Ginzburg-Bykhovsky, Israel
Int op 2003}) (21... a5 22. c4 Nd7 23. Kc2 $14 (23. Rd3 Nxe5 24. Bxe5 Bd6 25.
Red1 Rd7 26. Kc2 Rad8 27. a4 Bxe5 28. dxe5 Rxd3 29. Rxd3 Rxd3 30. Kxd3 c5 {
and the P _|_ is drawish, Panarin-Dreev, playchess.com 2004.})) 22. Be3 Rac8
23. c4 a6 (23... a5 24. a4 $1 {fixing the weakness on the colour of the B.} Nd7
(24... Bb4 25. Rg1 $36) 25. Bd2 Bc7 26. Bc3 Kf8 (26... Nxe5 {Black changes the
P structure, the N was simply too strong in the [+].} 27. dxe5 $14 {
Kasparov-Anand, Linares 2003 CBM 94}) 27. Kc2 Ke7 28. b3 $14) (23... Nd7 24.
Nd3 $14) 24. Bf2 (24. g5 $6 {ruins his own P structure.} hxg5 25. Bxg5 Bxe5 $11
) 24... Kf8 25. Kc2 b5 {This is a double-edged plan. Black fights for the ligt
squares, especially d5, but weakens the << at the same time.} 26. b3 Be7 (26...
c5 27. dxc5 Bxe5 28. Rxd8+ Rxd8 29. Rxe5 bxc4 30. bxc4 (30. b4 $5 Rd3 $132)
30... Nd7 31. Re2 Rc8 32. Kc3 Nxc5 33. Rd2 $14 {and White's pieces are more
active, he has a strong o^.}) 27. Rd3 Ne8 {/\ Nd6, but c4 can easily be
protected.} (27... Nd7 $14) 28. f4 Nd6 29. Rf3 Bf6 {/\ bxc4} 30. c5 $5 {
White begins his advance, gaining a lot of space, although he weakens >< d5.} (
30. Kc3 Rc7) 30... Ne8 31. g5 $1 $14 {This is the point, the target is the >>.}
Bxe5 32. fxe5 hxg5 33. Rg1 {White has opened up the >> for his active rooks.}
Rd7 34. Rxg5 Kg8 35. Rg4 Kh7 36. Bh4 a5 37. h6 $5 {[#]} (37. Kd3 Ra8 38. Bg5
Nc7 $1 (38... Rc8 39. h6 $1) 39. h6 g6 $14) 37... g6 $6 {This is the passive
defence, which would have worked if White had no breakthrough.} (37... Kxh6 $2
{opens the h file and the rooks will penetrate.} 38. Rh3 Kh7 39. Be7+ Kg8 40.
Rgh4 f5 41. exf6 Kf7 42. fxg7 $1 Nxg7 43. Bd6 Rg8 44. Rh7 $18) (37... gxh6 $142
{was the best defence.} 38. Rfg3 {/\ Rg8} (38. Bg5 Ng7) 38... f5 $1 39. exf6
Rf7 40. Rg8 (40. Re4 Nc7) 40... Rd8 41. Rg2 Rb8 42. Kd3 Rd8 43. Ke3 Rb8 $14)
38. Rgf4 Rcc7 39. Bg5 Ra7 40. Kd3 Rab7 41. Ke2 Ra7 42. Kf2 a4 43. b4 {It looks
like the position is completely closed...} Rdb7 44. Kg3 Rc7 45. Kh4 Rcb7 {[#]}
46. d5 $1 {This is the point! Without this breakthrough White had no chances.}
exd5 $2 (46... cxd5 {was more persistant.} 47. c6 $1 (47. Rd4 Rd7 48. c6 (48.
Be3 Ra6 49. Kg5 Rc6 50. Rdf4 Rcc7 51. Bd4 Kg8 52. Rh3 Kh7) 48... Rdc7 49. Rc3
f6 $1 50. exf6 Nd6 $132) 47... Rc7 48. Rc3 $1 (48. Bd8 Kxh6 $1 (48... Rxc6 49.
Rxf7+ $18) 49. Bxc7 Rxc7 50. Rxf7 Rxc6 $132) 48... f5 (48... Rc8 49. Rc5 f6 50.
exf6 Nd6 51. Rf1) 49. exf6 Nd6 50. Rc5 Nf5+ (50... Ne4 51. Rxb5 $18) 51. Kg4
Nd6 52. Rf1 Nf7 53. Re1 $18) 47. e6 $1 $18 f5 (47... fxe6 48. Rf8 $18 {with
mating threats.}) (47... f6 48. Bxf6 Nxf6 49. Rxf6 Kxh6 50. Rf7 $18) 48. Re3 {
The o^ will decide the battle.} Ra8 49. Rd4 {avoiding any counterplay.} (49. e7
Rd7 50. Re6 d4 51. Rxc6 d3) 49... Kg8 50. e7 Nc7 51. Bf6 Kh7 (51... Kf7 52. h7
Ne6 (52... Kxf6 53. e8=Q $18) 53. Rxe6 $1 Kxe6 54. Kg5 Kf7 (54... Rxe7 55. Bxe7
Kxe7 56. Rh4 Rh8 57. Kxg6 $18) 55. Rh4 $18) 52. Kg5 Rg8 (52... a3 53. Bg7 Rbb8
54. Kf6 $18 {and the K penetrates.}) 53. Bg7 Ra7 54. Kf6 Raa8 (54... Ne8+ 55.
Kf7 $18 {/\ Re6} (55. Kg5 Nc7)) 55. Kf7 Ne8 56. Re6 $1 Nxg7 57. Rxg6 Nh5 58.
Rxg8 Rxg8 59. e8=Q Rxe8 60. Kxe8 f4 61. Kd7 f3 62. Kxc6 f2 63. Rd1 Nf6 64. Rf1
Ng4 65. Kxb5 d4 66. c6 1-0

[Event "Olympiad-36"]
[Site "Mallorca"]
[Date "2004.10.27"]
[Round "12"]
[White "Sadvakasov, Darmen"]
[Black "Graf, Alexander"]
[Result "1/2-1/2"]
[WhiteElo "2631"]
[BlackElo "2646"]
[Annotator "Lukacs,P"]
[PlyCount "69"]
[EventDate "2004.10.15"]
[EventType "team-swiss"]
[EventRounds "14"]
[EventCountry "ESP"]
[SourceTitle "CBM 104"]
[Source "ChessBase"]
[SourceDate "2005.01.27"]
[SourceVersion "1"]
[SourceVersionDate "2005.01.27"]
[SourceQuality "1"]
[WhiteTeam "Kazakhstan"]
[BlackTeam "Germany"]
[WhiteTeamCountry "KAZ"]
[BlackTeamCountry "GER"]

1. e4 c6 2. d4 d5 3. Nd2 dxe4 4. Nxe4 Bf5 5. Ng3 Bg6 6. h4 h6 7. Nf3 Nd7 8. h5
Bh7 9. Bd3 Bxd3 10. Qxd3 e6 11. Bf4 Qa5+ 12. Bd2 Bb4 13. c3 Be7 {Black's main
idea is to deprive White from 0-0-0.} 14. O-O $6 {In this variation 0-0 is
usually completely harmless.} (14. Ne4 Ngf6 15. Nxf6+ (15. c4 Qa6 16. Nxf6+
Nxf6 17. Qe2 O-O {White still has problems with his K.} 18. Ne5 Rad8 19. Bc3 b5
20. b3 bxc4 21. Qxc4 Qxc4 22. bxc4 Rc8 23. Rd1 Ne4 24. Ba5 Bd8 25. Bb4 Re8 $11
{Rosito-Slipak, Pinamar 2002}) 15... gxf6 16. a4 O-O-O 17. b4 Qd5 18. c4 Ne5 $1
19. Nxe5 Qxe5+ 20. dxe5 Rxd3 21. exf6 Bxf6 {and the _|_ can only be better for
Black.} 22. Ra2 Rd4 23. Rc2 Re4+ 24. Kf1 Bg5 25. f4 Be7 $11 {Sherzer-Rowley,
Philadelphia 1994}) (14. c4 $142 {- Almasi-Fridman, Calvia ol (Men) 2004 CBM
104}) 14... Ngf6 15. c4 Qc7 16. Qe2 O-O {If the white K would be on the <<,
then things would be completely different.} 17. Ne5 Rad8 18. Ng6 $5 {This is a
typical tactical motif, but Black is not forced to take the N.} Rfe8 (18...
fxg6 $2 {founders on} 19. Qxe6+ Kh8 20. Qxe7 gxh5 (20... Rde8 21. Qa3 gxh5 22.
Bb4 Rf7 23. Rae1 $16) 21. Nf5 $16) 19. Nxe7+ Rxe7 20. Rad1 Ree8 $13 21. Rfe1 b5
{This is the typical blow, White can easily lose the control of the light
squares.} 22. c5 (22. b3 bxc4 23. bxc4 c5 $13 {creating a weakness on c4.})
22... e5 $5 (22... Nd5 23. Ne4 $13) 23. Qf3 {White sacrifices some pawns in
order to activate his pieces at the maximum.} (23. dxe5 Nxe5) 23... exd4 24.
Nf5 Nxc5 (24... Kh8 25. b4 $1 $36) 25. Bf4 (25. Rxe8+ Rxe8 26. Nxg7 Kxg7 27.
Bxh6+ Kxh6 28. Qxf6+ Kh7 29. Qf5+ {is really nice, but not more than a draw by
perpetual checks.} Kg8 $11) 25... Qa5 $1 26. Ne7+ Kf8 27. Bxh6 {This is
another way for getting to the black K, but the -> is not lethal for Black.}
Rxe7 28. Bxg7+ Kxg7 29. Rxe7 Rd5 30. h6+ (30. b4 Qd8 $1 (30... Qxb4 31. h6+ Kg6
32. h7 $1 $18) 31. h6+ Kg6 32. h7 Ne6 33. Rxa7 Kxh7 34. Rxf7+ Kg6 $17) 30...
Kg6 31. h7 Qd8 32. Rde1 d3 33. R1e5 (33. Qxf6+ Kxf6 34. Re8 Qxe8 35. Rxe8 Rh5
36. h8=Q+ Rxh8 37. Rxh8 Na4 38. Kf1 Nxb2 39. Ke1 c5 {with very dangerous black
pawns for the exchange.} 40. Kd2 c4 $11) 33... Rxe5 34. Rxe5 d2 (34... Nce4 35.
Rxe4 Nxe4 36. h8=Q Qxh8 37. Qxe4+ f5 $11) 35. Qg3+ {and it is high time to
give perpetual checks.} 1/2-1/2

[Event "Pamplona 15th"]
[Site "Pamplona"]
[Date "2005.12.24"]
[Round "2"]
[White "Ponomariov, Ruslan"]
[Black "Izoria, Zviad"]
[Result "1-0"]
[WhiteElo "2704"]
[BlackElo "2646"]
[Annotator "Lukacs,P"]
[PlyCount "69"]
[EventDate "2005.12.23"]
[EventType "tourn"]
[EventRounds "7"]
[EventCountry "ESP"]
[EventCategory "16"]
[SourceTitle "CBM 111"]
[Source "ChessBase"]
[SourceDate "2006.04.04"]
[SourceVersion "1"]
[SourceVersionDate "2006.04.04"]
[SourceQuality "1"]

1. e4 c6 2. d4 d5 3. Nc3 dxe4 4. Nxe4 Bf5 5. Ng3 Bg6 6. h4 h6 7. Nf3 Nd7 8. h5
Bh7 9. Bd3 Bxd3 10. Qxd3 e6 11. Bf4 Qa5+ 12. Bd2 Bb4 13. c3 Be7 {Black's main
idea is to prevent White from 0-0-0.} 14. c4 Qa4 $5 {[%mdl 8]} (14... Qc7 {
This allows 0-0-0.} 15. O-O-O (15. d5 {- Z.Almasi-Khenkin, Palma de Mallorca
2004 CBM 104}) 15... Ngf6 (15... b5 $5 16. c5 Ngf6 17. Rde1 O-O {Now White has
a clear target: the enemy K!} 18. Qc2 Nd5 19. Ne4 b4 20. g4 $36 {
Neelotpal-Ovetchkin, Alushta 2004}) 16. Kb1 {- Kritz-Ruck, Gothenburg 2005 CBM
109}) (14... Bb4 $6 {- Acs-Gyimesi, Heviz 2003 CBM 96}) (14... Qa6 $5 {-
Landa-Shaposhnikov, Sochi 2005 CBM 107}) 15. d5 $5 {This positional P
sacrifice gives at least adequate compensation.} (15. O-O Ngf6 16. Rfe1 O-O 17.
Nf5 $14) 15... cxd5 16. cxd5 Nc5 (16... exd5 17. O-O $44 {and Black has
problems with castles.}) 17. Qe2 exd5 18. O-O Ne6 (18... Kf8 {Here the h8 R is
out of play for a long time.} 19. Be3 (19. Rfe1 Re8 (19... Ne4 20. Nxe4 dxe4
21. Qxe4 Qxe4 22. Rxe4 Nf6 23. Rd4 $14 {White's lead of development is
important also in the _|_.})) 19... Re8 20. Nf5 Ne4 21. Rac1 $44) 19. Nf5 Qa6
20. Qxa6 bxa6 21. Rac1 {As it was mentioned before the exchange of queens is
not solving the problem of lack of development.} Bf6 {[#]} (21... Nf6 22. Rc6
Ne4 (22... Nxh5 23. Re1 $36) 23. Be3 Bf6 24. Rd1 O-O 25. Rxd5 Bxb2 26. Ra5 $14
{The a pawns are easy targets.}) 22. Bb4 $1 Ne7 23. Nd6+ Kf8 24. Nf5 {It is
not easy for Black to connect his rooks.} (24. Rfe1 Kg8 25. Rc2 d4 26. Ne4 Nd5
27. Nxf6+ Nxf6 28. Rd2 Nxh5 29. Nxd4 $44) 24... a5 $2 {This helps only for
White.} (24... Ke8 {was more persistant.}) 25. Ba3 g6 26. hxg6 fxg6 27. Bxe7+
Bxe7 28. Rfe1 gxf5 (28... Bg5 29. Nxg5 hxg5 30. Rxe6 gxf5 31. Rf6+ Ke7 32. Rxf5
$16 {and the pawns on the 5-th rank will fall one by one.}) 29. Rxe6 Bd8 (29...
Kf7 30. Re5 $16) 30. Rc5 Kf7 31. Rec6 Bb6 (31... Bf6 32. Rxd5 $16) 32. Rxd5
Rhc8 {Finally Black has made a R move, but it is too late.} 33. Ne5+ Ke8 34.
Re6+ Kf8 35. Rxh6 1-0